000 00702nam a2200241 i 4500
001 bg
100 1 _aISKRA, Antoni
245 0 _aDynamika mechanizmów tłokowych silników spalinowych /
_cAntoni Iskra.
260 _aPoznań :
_bWydaw. Politechniki Poznańskiej,
_c1995.
300 _a271 s. :
_brys., wykr. ;
_c24 cm.
504 _aBibliogr. s.263-264.
650 9 _aSilniki spalinowe
_xmechanika
650 9 _aDynamika
_xzagadnienia
650 9 _aTłoki
655 _aPodręczniki akademickie
020 _a8371430256
040 _cBPK
041 _apol
080 _a621.43:62-23/-24:531.3](075.8)
920 _a83-7143-025-6
942 _cKS
008 s pl f |000 0 pol
999 _c6932
_d6932
856 _uhttp://koha.tu.koszalin.pl/cgi-bin/koha/opac-detail.pl?biblionumber=6932
_yKatalog online BPK